[Event "Cornella Pinol Memorial 2nd"]
[Site "Cornella de Llobregat"]
[Date "2014.11.24"]
[Round "9"]
[White "Sagues Andreu, Xavier"]
[Black "Tabares Rodriguez, Yorky"]
[Result "1-0"]
[WhiteElo "2216"]
[BlackElo "1978"]
[PlyCount "117"]
[EventDate "2014.09.29"]
[EventType "swiss"]
[EventRounds "9"]
[EventCountry "ESP"]
[SourceTitle "EXT 2016"]
[Source "ChessBase"]
[SourceDate "2015.10.08"]
[SourceVersion "1"]
[SourceVersionDate "2015.10.08"]
[SourceQuality "1"]

1. e4 e5 2. f4 exf4 3. Nf3 d6 4. d4 g5 5. h4 g4 6. Ng1 Nf6 7. Bxf4 Nxe4 8. Bd3 d5 9. Nd2 f5 10. h5 Nc6 11. Nxe4 dxe4 12. Bb5 Bd7 13. Qd2 Bd6 14. 0-0-0 Qf6 15. Ne2 Bxf4 16. Nxf4 0-0-0 17. Bxc6 Bxc6 18. Qa5 Kb8 19. d5 Qe5 20. g3 b6 21. Qc3 Qxc3 22. bxc3 Bb7 23. Kb2 Rd6 24. c4 Rhd8 25. Ne6 Re8 26. Rhf1 Bc8 27. Nd4 Rf6 28. Kc3 Kb7 29. Rf4 Bd7 30. Ne2 Rh6 31. Rh1 Rd6 32. Kd4 c5+ 33. Ke3 Rh6 34. Rff1 Kc7 35. Re1 Kd6 36. Kf4 Rg8 37. Nc3 Rf6 38. Nd1 h6 39. Ne3 Rg5 40. Rh2 Be8 41. Reh1 Bd7 42. Ng2 Be8 43. Ke3 Bf7 44. Nf4 Kc7 45. Rb1 Rg8 46. a4 Rb8 47. c3 Kd6 48. Ra2 Ke5 49. a5 Rb7 50. axb6 axb6 51. Ra8 Rd6 52. Rc8 Rdd7 53. Rc6 Rd6 54. Ng6+ Bxg6 55. hxg6 Rxc6 56. dxc6 Rc7 57. Rxb6 Kf6 58. g7 Rxg7 59. c7+ 1-0

[Event "Cornella Pinol Memorial 2nd"]
[Site "Cornella de Llobregat"]
[Date "2014.10.20"]
[Round "4"]
[White "Tabares Rodriguez, Yorky"]
[Black "Miguel Centeno, David"]
[Result "0-1"]
[WhiteElo "1978"]
[BlackElo "2205"]
[PlyCount "94"]
[EventDate "2014.09.29"]
[EventType "swiss"]
[EventRounds "9"]
[EventCountry "ESP"]
[SourceTitle "EXT 2016"]
[Source "ChessBase"]
[SourceDate "2015.10.08"]
[SourceVersion "1"]
[SourceVersionDate "2015.10.08"]
[SourceQuality "1"]

1. e4 c5 2. Nf3 d6 3. d4 cxd4 4. Nxd4 Nf6 5. Nc3 g6 6. f3 Bg7 7. Be3 Nc6 8. Bc4 0-0 9. Qd2 Bd7 10. Nde2 Ne5 11. Bb3 b5 12. Bh6 a5 13. Bxg7 Kxg7 14. a4 bxa4 15. Nxa4 Qb8 16. 0-0 Rc8 17. Kh1 Nc4 18. Bxc4 Rxc4 19. b3 Rc7 20. Nb2 Qb6 21. Nc4 Qc5 22. Rfe1 a4 23. Ng3 Be6 24. e5 dxe5 25. Rxe5 Qc6 26. Ne3 axb3 27. Rxa8 Qxa8 28. Ra5 Ra7 29. Rxa7 Qxa7 30. cxb3 Qa1+ 31. Ngf1 Bxb3 32. Kg1 Qe5 33. Kf2 h5 34. h4 Be6 35. Ng3 Kh7 36. Qb4 Qxe3+ 37. Kxe3 Nd5+ 38. Kd4 Nxb4 39. Ne4 Nc2+ 40. Ke5 Ne1 41. Ng5+ Kg7 42. g3 f6+ 43. Kxe6 fxg5 44. f4 gxf4 45. gxf4 Ng2 46. Kxe7 Nxf4 47. Kd6 Kf6 0-1